| 000 | 00642nam a2200217 a 4500 | ||
|---|---|---|---|
| 001 | 000045464 | ||
| 003 | DO-SdBNP | ||
| 005 | 20171017111300.0 | ||
| 007 | 000045464 | ||
| 008 | 150407s1996 dr a 000 0 spa d | ||
| 040 |
_aBPMSU _bspa _cBPMSU |
||
| 092 |
_axxxx _bxxxx |
||
| 100 | 1 | _aCarrón, Lorelay | |
| 245 | 1 | 0 |
_aY se los llevó el sol : _bmitología taína para niños / _cLorelay Carrón |
| 246 | _aY se los llevó el sol | ||
| 260 |
_aSanto Domingo : _bAl compás, _c1996. |
||
| 300 |
_a46 p. : _bil. ; _c26 cm. |
||
| 942 |
_2ddc _cBK |
||
| 945 | _aInventariado infantil / 2017 VM | ||
| 956 |
_aVMATEO _b10 _c20150421 _lBPMSU _h00151 |
||
| 999 |
_c7670 _d7670 |
||